| 000 | 00984cam a22002895a 4500 | ||
|---|---|---|---|
| 001 | L149268 | ||
| 002 | 17634 | ||
| 008 | 100215s2008 xxk f 000 0 eng d | ||
| 022 | 1 | _a9781843117315 | |
| 035 | _a(Sirsi) u149268 | ||
| 041 | 0 | _aeng | |
| 050 | 0 | 4 | _a368.56 $2 18 |
| 100 | 1 | _aLevine, Marshall | |
| 245 | 0 | 0 | _aConstruction insurance and UK construction contracts |
| 250 | _a2nd ed. | ||
| 260 |
_aLondon _bInforma Law _c2008 |
||
| 300 |
_axliii, 645p. _c25cm. |
||
| 350 | _a320 | ||
| 520 | _aProvides a general survey of the UK construction industry and insurance law, and then goes on to look in depth at specific aspects of insurance and the issues which arise in relation to construction contracts. | ||
| 520 | _aSupersedes first edition (ISBN 1850443750). | ||
| 590 | _aKA | ||
| 651 | 4 | _aUnited Kingdom | |
| 690 | _aMANAGEMENT-BUSINESS MANAGEMENT-INSURANCE | ||
| 690 | _aBUILT ENVIRONMENT-BUILDING CONTRACT FORMS | ||
| 700 | 1 | _aHaar, Roger ter | |
| 942 | _n0 | ||
| 999 |
_c110448 _d110448 |
||